000 00648nmm a2200265 a 4500
003 AR-BaBNM
005 20251128202944.0
008 256019s1950 ||||||||||||||000 | spa||
040 _cAR-BaBNM
100 1 _aCuello, Nicolás
_d1897-
245 1 0 _aAnecdotario y directivas de San Martín
250 _a2ª ed.
260 _aBuenos Aires
_bIndoamérica
_c1950
300 0 _a92 p.
650 4 _aHISTORIA ARGENTINA
650 4 _aBIOGRAFIAS
650 4 _aVIDA COTIDIANA
650 4 _aGUERRAS DE LA INDEPENDENCIA
650 4 _aHISTORIA
651 4 _aPerú
651 4 _aChile
655 _aBIOGRAFIAS
942 _cBK
998 _cEnrique
999 _c1268
_d1268